| 000 -LEADER |
| fixed length control field |
00850nam a22001337a 4500 |
| 040 ## - CATALOGING SOURCE |
| Transcribing agency |
RUA |
| 082 ## - DEWEY DECIMAL CLASSIFICATION NUMBER |
| Classification number |
AVM NGE 2018 B654 Or.1 |
| 100 ## - MAIN ENTRY--AUTHOR NAME |
| Personal name |
NGET POV ង៉ែត ពៅ |
| 245 ## - TITLE STATEMENT |
| Title |
antimicrobial resistance of staphylococus spp in reproductive tracts of lactating sow at hor houy B, basedth district, kampong spue province ភាពសុំានៃstaphylococcus spp ទល់និងឲសថអង់ប្យូទិចក្នុងប្រដាប់បន្តពូជមេជ្រូកបំប៉ៅដោះនៅកសិដ្ឋាន ហោ ហួយ ប៊ី ស្រុកបរសេដ្ឋ ខេត្តកំពង់ស្ពឺ |
| 260 ## - PUBLICATION, DISTRIBUTION, ETC. (IMPRINT) |
| Place of publication |
RUA |
| Name of publisher |
Phnom penh |
| Year of publication |
2018 |
| 300 ## - PHYSICAL DESCRIPTION |
| Number of Pages |
x;33p |
| Other physical details |
ill; |
| Dimensions |
29cm |
| 856 ## - ELECTRONIC LOCATION AND ACCESS |
| Uniform Resource Identifier |
https://drive.google.com/file/d/1GxzYOqlqPExGxGMswq71tOFvaQA4k39y/view?usp=sharing |
| 942 ## - ADDED ENTRY ELEMENTS (KOHA) |
| Koha item type |
AVM |
| 952 ## - LOCATION AND ITEM INFORMATION (KOHA) |
| Withdrawn status [LOCAL, KOHA] |
0 |
| 952 ## - LOCATION AND ITEM INFORMATION (KOHA) |
| Withdrawn status [LOCAL, KOHA] |
0 |
| 952 ## - LOCATION AND ITEM INFORMATION (KOHA) |
| Withdrawn status [LOCAL, KOHA] |
0 |
| 952 ## - LOCATION AND ITEM INFORMATION (KOHA) |
| Withdrawn status [LOCAL, KOHA] |
0 |
| 952 ## - LOCATION AND ITEM INFORMATION (KOHA) |
| Withdrawn status [LOCAL, KOHA] |
0 |
| 952 ## - LOCATION AND ITEM INFORMATION (KOHA) |
| Withdrawn status [LOCAL, KOHA] |
0 |